000 00518nam a22001697a 4500
999 _c186403
_d186403
005 20220225150406.0
010 _aENG-131813
020 _a9789389795844
_c379.00
035 _aEN-115345
037 _bDBAD/PUB
082 _a000
245 _aCentral Teacher Eligibility Test Paper-I:
_bSolved Papers & Practice Tests/
260 _aNew Delhi
_bDreamtech Press
_c2020
270 _bNew Delhi
_a19-A, Ansari Road, Daryaganj
_e110002
300 _axi, 420p.
_c27cm(pbk)
942 _2ddc
_cEN
_h000
_mCEN